
Library Catalogue

| 000 -LEADER | |
|---|---|
| fixed length control field | 00888nam a2200241Ia 4500 |
| 005 - DATE AND TIME OF LATEST TRANSACTION | |
| control field | 20260609142741.0 |
| 008 - FIXED-LENGTH DATA ELEMENTS--GENERAL INFORMATION | |
| fixed length control field | 160316s2005 xxu||||| |||| 00| 0 eng d |
| 020 ## - INTERNATIONAL STANDARD BOOK NUMBER | |
| International Standard Book Number | 9780421893801 (pbk) |
| 082 ## - DEWEY DECIMAL CLASSIFICATION NUMBER | |
| Classification number | 340.07 BRA |
| 100 ## - MAIN ENTRY--PERSONAL NAME | |
| Personal name | Bradney, Anthony |
| 245 ## - TITLE STATEMENT | |
| Title | How to study law / |
| Statement of responsibility, etc. | Anthony Bradney, et al. |
| 250 ## - EDITION STATEMENT | |
| Edition statement | 5th ed. |
| 260 ## - PUBLICATION, DISTRIBUTION, ETC. | |
| Place of publication, distribution, etc. | London ; |
| Name of publisher, distributor, etc. | Sweet & Maxwell, |
| Date of publication, distribution, etc. | 2005. |
| 300 ## - PHYSICAL DESCRIPTION | |
| Extent | xi, 260 p. ; |
| Dimensions | 26 cm. |
| 365 ## - TRADE PRICE | |
| Price amount | Rs. 1144.00 |
| 521 ## - TARGET AUDIENCE NOTE | |
| Target audience note | Part 1 :<br/>1. Sources of the law-<br/>2. Division of law-<br/>3. Law in action/law in books-<br/>Part 2 :<br/>4. Finding cases and statutes-<br/>5. Reading cases and statutes-<br/>6. Reading research materials-<br/>7. Study skills-<br/>Part 3 :<br/>8. Where next?<br/>Index.<br/><br/> |
| 650 ## - SUBJECT ADDED ENTRY--TOPICAL TERM | |
| Topical term or geographic name entry element | Law - Study & Teaching - U S A |
| 700 ## - ADDED ENTRY--PERSONAL NAME | |
| Personal name | Cownie, Fiona |
| 700 ## - ADDED ENTRY--PERSONAL NAME | |
| Personal name | Masson, Judith |
| 700 ## - ADDED ENTRY--PERSONAL NAME | |
| Personal name | Neal, Alan C. |
| 700 ## - ADDED ENTRY--PERSONAL NAME | |
| Personal name | Newell, David |
| 942 ## - ADDED ENTRY ELEMENTS (KOHA) | |
| Source of classification or shelving scheme | Dewey Decimal Classification |
| Koha item type | BOOKs |
| Withdrawn status | Lost status | Source of classification or shelving scheme | Damaged status | Not for loan | Home library | Current library | Shelving location | Date acquired | Cost, normal purchase price | Total Checkouts | Full call number | Barcode | Date last seen | Price effective from | Koha item type |
|---|---|---|---|---|---|---|---|---|---|---|---|---|---|---|---|
| Dewey Decimal Classification | NLS | NLS | General Stacks | 30/05/2017 | 1144.00 | 340.07 BRA | 23593 | 30/05/2017 | 30/05/2017 | BOOKs |